000 01625cam a2200409 i 4500
001 17866496
003 PILC
005 20160322124100.0
008 130827s2014 enka b 001 0 eng
010 _a 2013030126
020 _a9780415841344 (hardback)
020 _a9780415841337 (pbk.)
020 _z9781315818375 (ebook)
040 _aDLC
_beng
_cDLC
_erda
_dDLC
041 0 _aeng
_achi
042 _apcc
050 0 0 _aPL1117.5.C6
_b.L477 2014
082 0 0 _a495.1/86421
100 1 _aLee, Kun Shan Carolyn.
245 1 4 _aThe Routledge Advanced Chinese multimedia course :
_bcrossing cultural boundaries /
_cKunshan Carolyn Lee, Hsin-Hsin Liang, Liwei Jiao and Julian K. Wheatley.
246 3 _aCrossing cultural boundaries
250 _aSecond Edition.
260 _aNY :
_bRoutledge,
_c2014.
300 _axii, 366 pages :
_billustrations ;
_c29 cm +
_e2 audio discs (digital ; 4 3/4 in.)
500 _aPrevious edition was published in 2010.
500 _aIncludes bibliographical references and indexes.
546 _aText in English and Chinese.
650 0 _aChinese language
_vReaders
_xChina.
650 0 _aChinese language
_vTextbooks for foreign speakers
_xEnglish.
650 0 _aChinese language
_vSound recordings for English speakers.
700 1 _aLiang, Xinxin.
700 1 _aJiao, Liwei.
700 1 _aWheatley, Julian K.
906 _a7
_bcbc
_corignew
_d1
_eecip
_f20
_gy-gencatlg
942 _2lcc
_cBK
999 _c292838
_d292838